000 00511nam a2200157 a 4500
001 000027624
005 20200930030954.0
008 110401s1980 dr ac 000 0 spa d
040 _aDO-SdBNP
_bspa
_cBNPHU
082 _axxx
_bC581d
245 0 1 _aCiudado y desarrollo del niño :
_bguía de salud /
_cedición Clara Leyla Alfonso.
260 _aSanto Domingo :
_bConsejo Nacional para la Niñez,
_c1980.
300 _a60 p. :
_bil., retrs. ;
_c1980.
700 1 _aAlfonso, Clara Leyla
_eed.
_944206
049 _aBNPHU
999 _c27116
_d27116